[Event "Gerthe- Annen"]
[Site "?"]
[Date "2023.09.03"]
[Round "1.5"]
[White "Zadow, Ralf"]
[Black "Meise, Ulrich"]
[Result "1-0"]
[WhiteElo "1848"]
[BlackElo "1789"]
[PlyCount "47"]
[SourceDate "2023.09.13"]

1. e4 e5 2. Nf3 Nf6 3. Bc4 Nxe4 4. Nc3 Nxc3 5. dxc3 Be7 6. Nxe5 O-O 7. Qh5 Qe8
8. Be3 d6 9. Ng4 Bxg4 10. Qxg4 Nc6 11. Qg3 Bf6 12. O-O-O Ne5 13. Be2 Qa4 14. f4
Nc4 15. Bd4 Bxd4 16. Rxd4 b5 17. f5 Qxa2 18. Bxc4 bxc4 19. Rg4 Qa1+ 20. Kd2
Qxh1 21. Rxg7+ Kh8 22. Rxh7+ Kxh7 23. Qh4+ Kg7 24. Qg5+ 1-0

[Event "Gerthe- Annen"]
[Site "?"]
[Date "2023.09.03"]
[Round "1.6"]
[White "Loeffelbein, Klaus"]
[Black "Hartung, Thomas"]
[Result "1/2-1/2"]
[WhiteElo "1760"]
[BlackElo "1840"]
[PlyCount "53"]
[SourceDate "2023.09.13"]

1. d4 Nf6 2. c4 c5 3. d5 b5 4. a4 b4 5. Nd2 d6 6. b3 g6 7. Bb2 Bg7 8. e4 O-O 9.
Qc2 e6 10. Bd3 exd5 11. cxd5 Re8 12. Ne2 Ba6 13. Bxa6 Nxa6 14. f3 Qe7 15. Nc4
Nc7 16. Qd3 Nd7 17. Bxg7 Kxg7 18. O-O Ne5 19. Nxe5 Qxe5 20. Ng3 Qf4 21. Rae1
Re7 22. Ne2 Qe5 23. Qd2 h5 24. Nc1 Rae8 25. Re2 a5 26. Rfe1 f6 27. Kh1 1/2-1/2

[Event "Gerthe- Annen"]
[Site "?"]
[Date "2023.09.03"]
[Round "1.7"]
[White "Daemmrich, Lars"]
[Black "Boost, Juergen"]
[Result "1-0"]
[WhiteElo "1958"]
[BlackElo "1797"]
[PlyCount "57"]
[SourceDate "2023.09.13"]

1. e4 e5 2. Nf3 Nc6 3. Bc4 Bc5 4. O-O Nf6 5. Re1 d6 6. c3 Bg4 7. d3 a6 8. Bb3
h6 9. Nbd2 Ne7 10. Nf1 Ng6 11. h3 Bxf3 12. Qxf3 O-O 13. Ng3 Nh4 14. Qe2 Kh8 15.
Kh1 Nh7 16. Bc2 Bb6 17. Be3 Bxe3 18. Qxe3 f5 19. exf5 Nxf5 20. Nxf5 Rxf5 21. d4
Rf7 22. dxe5 dxe5 23. f3 Re7 24. Bxh7 Kxh7 25. Rad1 Qg8 26. Qe4+ g6 27. Qxb7
Rb8 28. Qxa6 Rxb2 29. Qa3 1-0

[Event "Gerthe- Annen"]
[Site "?"]
[Date "2023.09.03"]
[Round "1.8"]
[White "Berghaus, Matthias"]
[Black "Koehler, Frank"]
[Result "0-1"]
[WhiteElo "1755"]
[BlackElo "1759"]
[PlyCount "78"]
[SourceDate "2023.09.13"]

1. c4 c5 2. Nc3 Nc6 3. Nf3 g6 4. g3 Bg7 5. Bg2 Nf6 6. O-O O-O 7. d4 d6 8. d5
Ne5 9. Nxe5 dxe5 10. Qc2 Ne8 11. Rd1 Nd6 12. b3 Bd7 13. a4 Qc7 14. Bb2 a6 15.
a5 b6 16. axb6 Qxb6 17. Na4 Qc7 18. Bc3 Rfb8 19. Rdb1 Bf5 20. e4 Bd7 21. Qd2 a5
22. f4 f5 23. Bxe5 Bxe5 24. fxe5 Nxe4 25. Bxe4 fxe4 26. e6 Bxa4 27. Rxa4 Rb4
28. Rxb4 axb4 29. Rf1 Qe5 30. Rf7 e3 31. Qe2 Ra1+ 32. Kg2 Rb1 33. Kh3 Qh5+ 34.
Qxh5 gxh5 35. Rxe7 e2 36. d6 e1=Q 37. d7 Qf1+ 38. Kh4 Qf6+ 39. Kxh5 Qxe7 0-1

[Event "FS Dortmund-SV Eichlinghofen"]
[Site "Dortmund"]
[Date "2023.09.03"]
[Round "1.1"]
[White "Dr. Christian Scholz"]
[Black "Igor Khess"]
[Result "1-0"]
[WhiteElo "2260"]
[BlackElo "1978"]
[PlyCount "67"]
[EventDate "2023.??.??"]
[SourceDate "2023.09.13"]
[WhiteTeam "SV Eichlinghofen 1"]
[BlackTeam "FS98 Dortmund 1"]

1. d4 Nf6 2. c4 e6 3. Nc3 d5 4. cxd5 exd5 5. Bg5 Be7 6. Qc2 g6 7. e3 Bf5 8. Qb3
Nbd7 9. Bf4 Nb6 10. Nb5 Bd6 11. Nxd6+ cxd6 12. Bb5+ Ke7 13. Ne2 a6 14. Bd3 Bxd3
15. Qxd3 h6 16. h3 Rc8 17. O-O Nc4 18. b3 Na3 19. f3 Nb5 20. e4 dxe4 21. fxe4
Kf8 22. a4 Nc7 23. e5 dxe5 24. Bxe5 Nce8 25. Qf3 Rc6 26. d5 Rb6 27. a5 Rd6 28.
Nc3 Rh7 29. Ra4 g5 30. Bxd6+ Qxd6 31. Rc4 Nd7 32. Rc8 f6 33. Qf5 Re7 34. Ne4
1-0

[Event "FS Dortmund-SV Eichlinghofen"]
[Site "?"]
[Date "2023.09.03"]
[Round "1.2"]
[White "Alghawi, Abdullah"]
[Black "Watzlawek, Markus"]
[Result "1-0"]
[WhiteElo "1889"]
[BlackElo "2015"]
[PlyCount "85"]
[EventDate "2023.??.??"]
[SourceDate "2023.09.13"]
[WhiteTeam "FS98 Dortmund 1"]
[BlackTeam "SV Eichlinghofen 1"]

1. e4 c5 2. d3 Nc6 3. Nf3 d6 4. g3 g6 5. Bg2 Bg7 6. O-O e5 7. Nbd2 Nge7 8. c3
O-O 9. a3 h6 10. b4 Be6 11. Rb1 f5 12. b5 Na5 13. Bh3 Qd7 14. Re1 g5 15. exf5
Bxf5 16. Bxf5 Qxf5 17. Qe2 Rf7 18. Rf1 Raf8 19. Ne1 b6 20. c4 Qh3 21. Ne4 Nb7
22. Be3 Qf5 23. Nc3 Nd8 24. Ne4 Qg6 25. Nc2 Nf5 26. a4 Ne6 27. Kg2 Kh8 28. a5
Rg8 29. Kh1 h5 30. g4 hxg4 31. Qxg4 Bf8 32. axb6 axb6 33. Ng3 Nf4 34. Bxf4 exf4
35. Nxf5 Rxf5 36. Rbe1 Re5 37. Qh3+ Kg7 38. Qd7+ Kh6 39. Rxe5 dxe5 40. Qh3+ Kg7
41. Qd7+ Kh6 42. Ra1 g4 43. Qd5 {Rest der Notation unleserlich. 1-0 nach 76
ZÃ1/4gen.} 1-0

[Event "FS Dortmund-SV Eichlinghofen"]
[Site "?"]
[Date "2023.09.03"]
[Round "1.3"]
[White "Brockmann, Michael"]
[Black "Schulz, Oliver"]
[Result "1-0"]
[WhiteElo "2045"]
[BlackElo "1955"]
[PlyCount "89"]
[EventDate "2023.??.??"]
[SourceDate "2023.09.13"]
[WhiteTeam "SV Eichlinghofen 1"]
[BlackTeam "FS98 Dortmund 1"]

1. d4 Nf6 2. c4 e6 3. g3 Bb4+ 4. Bd2 Bxd2+ 5. Qxd2 d6 6. Nc3 O-O 7. Bg2 c6 8.
Nf3 Qe7 9. e4 e5 10. O-O Bg4 11. Ne1 Ne8 12. h3 Bh5 13. f4 f6 14. Nf3 Nd7 15.
Nh4 Nb6 16. b3 a5 17. Qf2 Ra6 18. Rfe1 Qc7 19. Bf1 Ra8 20. Rac1 Nd7 21. Rc2 Qb6
22. c5 dxc5 23. Na4 Qc7 24. Nxc5 Nxc5 25. Rxc5 Qb6 26. dxe5 fxe5 27. Rxe5 Qxf2+
28. Kxf2 Nf6 29. Bc4+ Bf7 30. Re7 b5 31. Bxf7+ Rxf7 32. Rxf7 Kxf7 33. Nf3 c5
34. g4 a4 35. g5 Nh5 36. f5 axb3 37. axb3 Nf4 38. Ne5+ Ke8 39. Kf3 Nh5 40. Kg4
g6 41. f6 c4 42. bxc4 Ra3 43. cxb5 Rg3+ 44. Kh4 Rg2 45. Ra1 1-0

[Event "FS Dortmund-SV Eichlinghofen"]
[Site "?"]
[Date "2023.09.03"]
[Round "1.4"]
[White "Brendemühl, Bernd"]
[Black "Schütte, Tobias"]
[Result "0-1"]
[WhiteElo "1977"]
[BlackElo "1988"]
[PlyCount "56"]
[EventDate "2023.??.??"]
[SourceDate "2023.09.13"]
[WhiteTeam "FS98 Dortmund 1"]
[BlackTeam "SV Eichlinghofen 1"]

1. e4 e6 2. d4 d5 3. Nd2 Nf6 4. e5 Nfd7 5. Bd3 c5 6. c3 Nc6 7. Ndf3 Qb6 8. Ne2
cxd4 9. cxd4 f6 10. exf6 Bb4+ 11. Bd2 Nxf6 12. O-O O-O 13. Bc3 Bxc3 14. bxc3 e5
15. Nxe5 Nxe5 16. dxe5 Ng4 17. Nd4 Qh6 18. h3 Nxe5 19. Bc2 Bxh3 20. gxh3 Qxh3
21. Qd2 Nf3+ 22. Nxf3 Qg4+ 23. Kh2 Rxf3 24. Qxd5+ Kh8 25. Qxf3 Qxf3 26. Rae1
Rf8 27. Be4 Qxc3 28. Bxb7 Qc7+ 0-1

[Event "FS Dortmund-SV Eichlinghofen"]
[Site "?"]
[Date "2023.09.03"]
[Round "1.5"]
[White "Dreier, Daniel"]
[Black "Mewes, Karsten"]
[Result "1/2-1/2"]
[WhiteElo "1930"]
[BlackElo "1936"]
[PlyCount "63"]
[EventDate "2023.??.??"]
[SourceDate "2023.09.13"]
[WhiteTeam "SV Eichlinghofen 1"]
[BlackTeam "FS98 Dortmund 1"]

1. d4 g6 2. Nf3 Bg7 3. g3 d5 4. Bg2 Nf6 5. c4 c6 6. Nc3 O-O 7. O-O e6 8. Bg5 h6
9. Bf4 Nbd7 10. Rc1 Re8 11. Qc2 Nh5 12. Bd2 dxc4 13. e4 Nhf6 14. Rfd1 b5 15.
Bf4 Bb7 16. Ne5 Nh5 17. Be3 Qe7 18. Nxd7 Qxd7 19. e5 Bf8 20. g4 Ng7 21. Bxh6
Be7 22. Ne4 Red8 23. Qc3 c5 24. Nf6+ Bxf6 25. exf6 Ne8 26. Bxb7 Qxb7 27. dxc5
Qe4 28. h3 Qe2 29. Re1 Qd3 30. Qxd3 Rxd3 31. Be3 Rad8 32. Kg2 1/2-1/2

[Event "FS Dortmund-SV Eichlinghofen"]
[Site "?"]
[Date "2023.09.03"]
[Round "1.6"]
[White "Grube, JÃ¶rg"]
[Black "Wloka, Sebastian"]
[Result "1/2-1/2"]
[WhiteElo "1835"]
[BlackElo "1913"]
[PlyCount "92"]
[EventDate "2023.??.??"]
[SourceDate "2023.09.13"]
[WhiteTeam "FS98 Dortmund 1"]
[BlackTeam "SV Eichlinghofen 1"]

1. e4 c5 2. Nf3 Nc6 3. d4 cxd4 4. Nxd4 Nf6 5. Nc3 e5 6. Ndb5 d6 7. Bg5 a6 8.
Na3 b5 9. Bxf6 gxf6 10. Nd5 Bg7 11. c3 f5 12. exf5 Bxf5 13. Nc2 O-O 14. Nce3
Be6 15. Bd3 f5 16. O-O Ne7 17. Nxe7+ Qxe7 18. Nxf5 Bxf5 19. Bxf5 Rad8 20. Qd5+
Kh8 21. Be4 Qa7 22. Rad1 Bf6 23. Rd3 Qf7 24. Qc6 Qxa2 25. Rxd6 Rxd6 26. Qxd6
Bg7 27. Qb4 Rf4 28. g3 Bf8 29. gxf4 Bxb4 30. cxb4 exf4 31. Kg2 Qb3 32. Ra1 Qxb4
33. Kf3 Qd6 34. Rg1 a5 35. Rg5 Qb6 36. h4 a4 37. h5 b4 38. Bd5 Qd8 39. Rf5 a3
40. bxa3 bxa3 41. h6 Qd6 42. Rg5 Qf8 43. Ba2 Qd8 44. Rg7 Qd3+ 45. Kg2 Qe4+ 46.
Kh2 Qe8 1/2-1/2

[Event "FS Dortmund-SV Eichlinghofen"]
[Site "?"]
[Date "2023.09.03"]
[Round "1.7"]
[White "Richter, Jan"]
[Black "Schläger, Reiner"]
[Result "1/2-1/2"]
[WhiteElo "1912"]
[BlackElo "1596"]
[PlyCount "74"]
[EventDate "2023.??.??"]
[SourceDate "2023.09.13"]
[WhiteTeam "SV Eichlinghofen 1"]
[BlackTeam "FS98 Dortmund 1"]

1. c4 e5 2. Nc3 d6 3. g3 f5 4. d4 exd4 5. Qxd4 Nf6 6. Bg2 Nc6 7. Qd1 g6 8. Nh3
Ne5 9. b3 Bg7 10. Bb2 O-O 11. O-O Nh5 12. Nf4 Nxf4 13. gxf4 Ng4 14. h3 Nf6 15.
Nd5 c6 16. Nxf6+ Bxf6 17. Qd2 Bxb2 18. Qxb2 Qh4 19. Qd4 g5 20. Rad1 g4 21. Rd3
Rf6 22. Qe3 Re6 23. Qd2 Rg6 24. hxg4 fxg4 25. Rxd6 Be6 26. Rd1 g3 27. e4 Qh2+
28. Kf1 Bh3 29. Rxg6+ hxg6 30. Bxh3 Qxh3+ 31. Ke2 Qh5+ 32. Ke3 g2 33. Qd7 Rf8
34. Qe6+ Kh7 35. Qe7+ Kg8 36. Qe6+ Kh7 37. Qe7+ Kg8 1/2-1/2

[Event "FS Dortmund-SV Eichlinghofen"]
[Site "?"]
[Date "2023.09.03"]
[Round "1.8"]
[White "Schulz-Runge, Michael"]
[Black "Scholz, Benedict"]
[Result "0-1"]
[WhiteElo "1737"]
[BlackElo "1924"]
[PlyCount "76"]
[EventDate "2023.??.??"]
[SourceDate "2023.09.13"]
[WhiteTeam "FS98 Dortmund 1"]
[BlackTeam "SV Eichlinghofen 1"]

1. e4 c5 2. Nf3 Nc6 3. Bb5 g6 4. Nc3 Bg7 5. Bxc6 bxc6 6. O-O e5 7. Qe2 Ne7 8.
Qc4 d6 9. Ng5 O-O 10. f4 h6 11. Nf3 Be6 12. Qa4 exf4 13. Kh1 g5 14. Ne2 d5 15.
d3 f5 16. e5 Bd7 17. Bxf4 gxf4 18. Nxf4 Qe8 19. Qa5 Ng6 20. Nh5 Rf7 21. Rae1
Re7 22. Nf6+ Bxf6 23. exf6 Rxe1 24. Rxe1 Qd8 25. Qd2 f4 26. Qc3 Kf7 27. Qxc5
Qxf6 28. d4 h5 29. c4 dxc4 30. Qxc4+ Kg7 31. Qc5 Re8 32. Rxe8 Bxe8 33. Qxa7+
Bf7 34. a4 Qf5 35. h3 Kh6 36. a5 Qb1+ 37. Kh2 Bd5 38. Ng1 Qxb2 0-1

[Event "SV Bönen- Hammer SC"]
[Site "?"]
[Date "2023.09.03"]
[Round "1.1"]
[White "Ackermann, Hans-Werner"]
[Black "Schlottmann, Fabian"]
[Result "0-1"]
[WhiteElo "2167"]
[BlackElo "2303"]
[PlyCount "178"]
[EventDate "2023.??.??"]
[SourceDate "2023.09.13"]
[WhiteTeam "Hammer SC 1"]
[BlackTeam "SV Bönen 1"]

{[%evp 0,178,18,18,24,-16,-17,-15,-15,-19,10,10,10,-3,-11,-11,2,-12,6,9,9,12,7,
6,-5,-21,-22,-22,-24,-10,-20,-10,10,-7,3,-32,-25,-15,-3 ,-47,-47,-47,-35,-38,
-31,-31,-34,-21,-81,-53,-9,-14,-5,-14,-4,-2,-12,-8,-8,-14,-9,-9,12,1,-23,-44,
-41,-24,-3,-27,0,-9,-9,-2,-13 ,0,-11,-29,-50,-80,-49,-52,-45,-91,-88,-171,-133,
-142,-113,-113,-70,-67,-113,-113,-113,-115,-122,-151,-158,-158,-158,-152,-152,
-158,-158,-158,-158,-158,-158,-158,-152,-152,-152,-152,-154,-154,-154,-154,
-154,-154,-156,-156,-156,-173,-156,-173,-155,-173,-1 56,-173,-173,-173,-42,
-157,-156,-162,-157,-212,-212,-311,-311,-311,-311,-344,-344,-371,-377,-371,
-371,-375,-380,-380,-341,-341, -341,-319,-315,-328,-336,-350,-338,-346,-364,
-376,-395,-464,-491,-513,-381,-432,-469,-476,-427,-568,-578,-633,-740,-790,
-823,-2 9965,-29966]} 1. Nf3 d5 2. c4 e6 3. g3 Nf6 4. Bg2 Be7 5. O-O O-O 6.
cxd5 exd5 7. d4 c6 8. Nc3 Re8 9. Qc2 Nbd7 10. Bf4 Nf8 11. Rad1 Ng6 12. Bc1 Bf8
13. Rfe1 h6 14. a3 a5 15. Nd2 Be6 16. Na4 Nd7 17. Nf1 b5 18. Nc3 Rc8 19. Be3
Qf6 20. f3 Bf5 21. Qc1 b4 22. axb4 axb4 23. Na4 b3 24. Bf2 Bc2 25. Rd2 Bb4 26.
Nc3 Nb6 27. Ne3 Nc4 28. Nxc4 dxc4 29. Rxc2 bxc2 30. Qxc2 Ra8 31. e4 Bxc3 32.
Qxc3 Reb8 33. f4 Ra2 34. Re2 Rb3 35. Qxc4 Raxb2 36. Rxb2 Rxb2 37. Qc1 Rb8 38.
h3 Ne7 39. g4 Ra8 40. f5 Qd6 41. e5 Qa3 42. Qf4 Qb2 43. Be4 Ra1+ 44. Kg2 Ra2
45. f6 g5 46. Qf3 Nd5 47. Bxd5 cxd5 48. Qf5 Qc2 49. Qxc2 Rxc2 50. Kf3 Rc3+ 51.
Be3 Kh7 52. Ke2 Kg6 53. Kf3 Ra3 54. Ke2 h5 55. Kf3 h4 56. Kf2 Ra2+ 57. Kg1 Re2
58. Bf2 Kh7 59. Kg2 Kg8 60. Kf3 Ra2 61. Kg2 Kf8 62. Kg1 Ke8 63. Kg2 Kd7 64. Kg1
Ra3 65. Kg2 Kc6 66. Be1 Ra2+ 67. Kg1 Re2 68. Bf2 Kb5 69. Kg2 Kc4 70. Kf3 Kd3
71. Bg1 Re4 72. Bf2 Rf4+ 73. Kg2 Ke2 74. Bg1 Rf3 75. Bh2 Rd3 76. e6 fxe6 77.
Bd6 Rf3 78. Be7 Rf2+ 79. Kg1 Rf4 80. Kg2 Ke3 81. f7 Rf2+ 82. Kg1 Rxf7 83. Bxg5+
Kxd4 84. Kg2 e5 85. Bxh4 Ke3 86. g5 d4 87. Be1 Ke2 88. Bb4 d3 89. h4 Rf4 0-1

[Event "SV Bönen- Hammer SC"]
[Site "?"]
[Date "2023.09.03"]
[Round "1.2"]
[White "Mönkemeyer, Maik"]
[Black "Spyrou, Emmanouil"]
[Result "0-1"]
[WhiteElo "1911"]
[BlackElo "2152"]
[PlyCount "89"]
[EventDate "2023.??.??"]
[SourceDate "2023.09.13"]
[WhiteTeam "SV Bönen 1"]
[BlackTeam "Hammer SC 1"]

{[%evp 0,89,22,18,70,36,23,33,33,23,35,21,40,16,38,43,42,15,15,37,54,49,58,31,
54,34,34,22,36,46,49,45,41,-9,0,-31,-36,-39,-43,-50,-65, -152,-140,-190,-155,
-145,-105,-192,-185,-204,-134,-138,-143,-141,-130,-110,-116,-118,-105,-131,
-137,-100,-130,-129,-117,-108,-8 6,-86,-86,-101,-100,-104,-90,-177,-172,-222,
-217,-219,-58,-232,-244,-250,-252,-313,-323,-326,-393,-397,-417,-451,-513,
-1626]} 1. d4 g6 2. c4 Bg7 3. Nc3 d6 4. e4 e5 5. Nge2 Nc6 6. Be3 Nh6 7. f3 f5
8. Qd2 Nf7 9. d5 Ne7 10. g3 O-O 11. O-O-O c5 12. Kb1 a6 13. Nc1 Bd7 14. h4 h6
15. Bd3 fxe4 16. Nxe4 Nf5 17. Rdg1 b5 18. h5 g5 19. g4 Nd4 20. Bxd4 exd4 21. f4
bxc4 22. Bxc4 Re8 23. Nf2 gxf4 24. Qxf4 Qf6 25. Qxf6 Bxf6 26. Ncd3 Bg5 27. Re1
Re3 28. Rxe3 dxe3 29. Ne4 Bxg4 30. Rg1 Bf5 31. Nxg5 Nxg5 32. Kc1 a5 33. Nf4 Kg7
34. Ne6+ Bxe6 35. dxe6 Kf6 36. Kd1 Ke5 37. e7 Re8 38. Ke2 Kd4 39. Rg4+ Ne4 40.
Bd3 Rxe7 41. Rg6 d5 42. Bxe4 Rxe4 43. Rxh6 Rh4 44. Rh8 Rh2+ 45. Ke1 0-1

[Event "SV Bönen- Hammer SC"]
[Site "?"]
[Date "2023.09.03"]
[Round "1.3"]
[White "Schlaap, Ralf"]
[Black "Merz, Martin"]
[Result "1-0"]
[WhiteElo "2097"]
[BlackElo "1944"]
[Annotator "Medger,Gernot"]
[PlyCount "61"]
[EventDate "2023.??.??"]
[SourceDate "2023.09.13"]
[WhiteTeam "Hammer SC 1"]
[BlackTeam "SV Bönen 1"]

1. d4 Nf6 2. c4 e6 3. g3 d5 4. Nf3 Be7 5. Bg2 O-O 6. O-O dxc4 7. Qc2 a6 8. Qxc4
b5 9. Qc2 Bb7 10. Bd2 Nbd7 11. Ba5 Bd6 12. Nbd2 Qe7 13. Bxc7 Rac8 14. Bxd6 Qxd6
15. Qd3 Rfd8 16. Rfc1 Qb8 17. Nb3 Bd5 18. Rxc8 Rxc8 19. Nbd2 Qb7 20. Ne1 Bxg2
21. Nxg2 Qc6 22. Ne3 Nd5 23. Nb3 Nxe3 24. Qxe3 Qd5 25. Rc1 Rc4 26. Rxc4 Qxc4
27. Qd2 h5 28. f3 Nb6 29. e4 g6 30. Kf2 b4 31. Qe2 1-0

[Event "SV Bönen- Hammer SC"]
[Site "?"]
[Date "2023.09.03"]
[Round "1.4"]
[White "Fuest, Torsten"]
[Black "Hufelschulte, Norbert"]
[Result "1/2-1/2"]
[WhiteElo "1907"]
[BlackElo "2009"]
[PlyCount "28"]
[EventDate "2023.??.??"]
[SourceDate "2023.09.13"]
[WhiteTeam "SV Bönen 1"]
[BlackTeam "Hammer SC 1"]

1. d4 Nf6 2. Bf4 g6 3. e3 Bg7 4. Nf3 O-O 5. Be2 b6 6. O-O Bb7 7. c3 d6 8. h3
Nbd7 9. Nbd2 Qe8 10. Bh2 h6 11. a4 a6 12. Qc2 e5 13. dxe5 dxe5 14. Nc4 Ne4
1/2-1/2

[Event "SV Bönen- Hammer SC"]
[Site "?"]
[Date "2023.09.03"]
[Round "1.7"]
[White "Bölling, Andreas"]
[Black "Lenz, Guntram"]
[Result "1/2-1/2"]
[WhiteElo "1755"]
[BlackElo "1833"]
[PlyCount "87"]
[EventDate "2023.??.??"]
[SourceDate "2023.09.13"]
[WhiteTeam "Hammer SC 1"]
[BlackTeam "SV Bönen 1"]

1. e4 c6 2. d4 d5 3. Nc3 dxe4 4. Nxe4 Bf5 5. Ng3 Bg6 6. h4 h6 7. h5 Bh7 8. Nf3
Nd7 9. Bd3 Bxd3 10. Qxd3 Ngf6 11. Bd2 e6 12. O-O-O Be7 13. Be3 Qa5 14. Kb1 b5
15. Ne5 Qc7 16. f4 Rd8 17. Ne4 Nd5 18. Bd2 O-O 19. Qg3 f5 20. Nc3 Nxc3+ 21.
Qxc3 Nxe5 22. fxe5 c5 23. dxc5 Bxc5 24. Bf4 Bb6 25. Qg3 Kh8 26. Rd6 Rxd6 27.
exd6 Qf7 28. Be5 Bd8 29. Rd1 Bg5 30. Qc3 Rd8 31. Re1 Rd7 32. Qc6 Rb7 33. a3 Qd7
34. Qc3 Qf7 35. Qc8+ Kh7 36. g3 Qd7 37. Qc3 g6 38. hxg6+ Kxg6 39. Rd1 Kf7 40.
Qf3 Kg6 41. Rh1 Kh7 42. Rh5 Kg6 43. Rh2 Kh7 44. Rh5 1/2-1/2

[Event "SV Bönen- Hammer SC"]
[Site "?"]
[Date "2023.09.03"]
[Round "1.6"]
[White "Wegner, Stephan"]
[Black "Wörtler, Lars-Erik"]
[Result "1-0"]
[WhiteElo "1823"]
[BlackElo "1914"]
[Annotator "Medger,Gernot"]
[PlyCount "113"]
[EventDate "2023.??.??"]
[SourceDate "2023.09.13"]
[WhiteTeam "SV Bönen 1"]
[BlackTeam "Hammer SC 1"]

1. e4 c5 2. Nc3 g6 3. f4 Bg7 4. Nf3 Nc6 5. a4 e6 6. e5 Nh6 7. Ne4 b6 8. Nd6+
Kf8 9. d4 cxd4 10. b3 Nf5 11. Ba3 Nxd6 12. Bxd6+ Kg8 13. Nxd4 Nxd4 14. Qxd4 Bb7
15. O-O-O h6 16. Rg1 Qc8 17. g4 Bc6 18. f5 Bf8 19. fxg6 fxg6 20. Bd3 Bxd6 21.
Qxd6 Qf8 22. Qxf8+ Rxf8 23. Bxg6 Kg7 24. Bd3 Rf2 25. Rd2 Rhf8 26. h4 Rxd2 27.
Kxd2 Rf2+ 28. Ke3 Rh2 29. h5 Rh3+ 30. Kd4 Rf3 31. g5 hxg5 32. Rxg5+ Kh6 $11 33.
Rg8 Rf4+ 34. Ke3 Rf3+ 35. Kd2 Rf2+ 36. Ke1 Rh2 37. Be2 Rh1+ 38. Kf2 Rh2+ 39.
Ke3 Rh3+ 40. Kf4 Rh4+ 41. Kg3 Re4 42. Rg6+ Kh7 43. Bd3 Re3+ 44. Kf4 Rf3+ 45.
Kg5 Kh8 46. Rf6 Rg3+ 47. Kh6 Rg8 48. Rf7 Ra8 49. Bg6 Kg8 50. Rg7+ Kh8 51. Rh7+
Kg8 52. Bf7+ Kf8 53. Rg7 a6 54. Kg6 Ke7 55. Bg8+ Kf8 56. Kf6 Be4 57. Bf7 1-0

[Event "SV Bönen- Hammer SC"]
[Site "?"]
[Date "2023.09.03"]
[Round "1.5"]
[White "Brieger, Sebastian"]
[Black "Helmert, Jochen"]
[Result "*"]
[WhiteElo "1940"]
[BlackElo "1919"]
[PlyCount "57"]
[EventDate "2023.??.??"]
[SourceDate "2023.09.13"]
[WhiteTeam "Hammer SC 1"]
[BlackTeam "SV Bönen 1"]

1. e4 e5 2. Nf3 Nf6 3. Nxe5 d6 4. Nf3 Nxe4 5. Nc3 Nxc3 6. dxc3 Be7 7. Be3 Nc6
8. Qd2 a6 9. O-O-O Bf5 10. h3 O-O 11. Be2 Qd7 12. Ne1 Rab8 13. g4 Be6 14. f4 f6
15. Nd3 Qc8 16. f5 Bf7 17. Nf4 Ne5 18. Nd5 Re8 19. Rhf1 Qd7 20. g5 Qc6 21.
Nxe7+ Rxe7 22. gxf6 gxf6 23. Bh6 Kh8 24. Rg1 Rg8 25. Rxg8+ Bxg8 26. Bh5 Qe4 27.
Bf8 Rd7 28. Qh6 Qxf5 29. Rg1 *

[Event "SV Bönen- Hammer SC"]
[Site "?"]
[Date "2023.09.03"]
[Round "1.8"]
[White "Schütz, Ralf"]
[Black "Fitzek, Timm"]
[Result "1-0"]
[WhiteElo "1756"]
[BlackElo "1627"]
[PlyCount "87"]
[EventDate "2023.??.??"]
[SourceDate "2023.09.13"]
[WhiteTeam "SV Bönen 1"]
[BlackTeam "Hammer SC 1"]

1. d4 d5 2. c4 e6 3. Nc3 Nf6 4. e3 Be7 5. Nf3 O-O 6. Bd3 c5 7. dxc5 dxc4 8.
Bxc4 Qxd1+ 9. Kxd1 Bxc5 10. Ke2 Nc6 11. a3 a5 12. b3 b6 13. Bb2 Bb7 14. Na4 Nd7
15. Rhd1 Rfd8 16. Rd2 Nf6 17. Rc1 Ne4 18. Rxd8+ Rxd8 19. Bd3 Nxf2 20. Bxh7+
Kxh7 21. Nxc5 bxc5 22. Kxf2 Rd3 23. Rxc5 Rxb3 24. Bc1 f6 25. Nd2 Rd3 26. Rb5
Rc3 27. Bb2 Rc2 28. Rxb7 Rxd2+ 29. Kf3 e5 30. h4 Rc2 31. g4 Nd8 32. Rb6 a4 33.
g5 Kg6 34. Bxe5 Nc6 35. Bf4 Rc3 36. gxf6 gxf6 37. Ke4 Kh5 38. Ra6 Kxh4 39. Rxa4
Kh5 40. Bd6 Kg6 41. Ra6 Kf7 42. Kd5 Ne5 43. Bxe5 fxe5 44. e4 1-0

[Event "Borbeck- Dortmund"]
[Site "?"]
[Date "2023.09.03"]
[Round "1.1"]
[White "Schulenburg, Pit"]
[Black "Loyen, Egbert"]
[Result "0-1"]
[WhiteElo "2009"]
[BlackElo "2119"]
[Annotator "daniel"]
[PlyCount "110"]
[SourceDate "2023.09.13"]

1. f4 Nf6 2. Nf3 g6 3. d3 d5 4. c3 Bg7 5. g3 c6 6. Bg2 Qb6 7. Qb3 Nbd7 8. Qxb6
axb6 9. O-O O-O 10. Ne5 Nc5 11. Na3 Ng4 12. Nc2 Nxe5 13. fxe5 Na4 14. d4 f6 15.
exf6 Rxf6 16. Rxf6 Bxf6 17. e4 dxe4 18. Bxe4 Bf5 19. Bxf5 gxf5 20. Ne3 e6 21.
Nd1 b5 22. Bf4 b4 23. Kf1 Kf7 24. Ke2 c5 25. Be5 cxd4 26. Bxf6 Kxf6 27. cxd4
Rd8 28. Ke3 Nb6 29. Rc1 $11 Ra8 30. Kd2 Nd5 31. Ra1 h5 32. Ne3 Nxe3 33. Kxe3 h4
34. Kd3 hxg3 35. hxg3 Rg8 36. Rg1 Rg4 37. Ke3 f4+ 38. Kf3 Kf5 39. Re1 Rxg3+ 40.
Kf2 Rd3 41. Re5+ Kg4 42. Rxe6 Rxd4 43. Rg6+ Kf5 44. Rb6 Ke4 45. a3 Rd2+ 46. Ke1
Rxb2 47. axb4 Ke3 48. Re6+ Kf3 49. Rb6 Re2+ 50. Kf1 Re7 51. Rd6 Re4 52. Rd3+
Re3 53. Rd4 Rb3 54. Kg1 Ke3 55. Rc4 b5 0-1

[Event "Borbeck- Dortmund"]
[Site "?"]
[Date "2023.09.03"]
[Round "1.2"]
[White "Klasmeier, Jens"]
[Black "Mallee, Ralph"]
[Result "1/2-1/2"]
[WhiteElo "2048"]
[BlackElo "2069"]
[PlyCount "42"]
[SourceDate "2023.09.13"]

1. e4 e5 2. Nf3 Nc6 3. Bc4 Nf6 4. Ng5 Bc5 5. d4 d5 6. Bxd5 Nxd4 7. Bxf7+ Ke7 8.
Bc4 Rf8 9. c3 Nc6 10. Qxd8+ Kxd8 11. f3 Ke7 12. a4 a5 13. Na3 h6 14. Nh3 Bxh3
15. gxh3 Nh5 16. Ke2 Nf4+ 17. Bxf4 Rxf4 18. Bd5 Raf8 19. Bxc6 bxc6 20. b4 axb4
21. cxb4 Bxb4 1/2-1/2

[Event "Borbeck- Dortmund"]
[Site "?"]
[Date "2023.09.03"]
[Round "1.3"]
[White "Boehmfeldt, Bruno"]
[Black "Dewenter, Ulf"]
[Result "1/2-1/2"]
[WhiteElo "2205"]
[BlackElo "2054"]
[PlyCount "29"]
[SourceDate "2023.09.13"]

1. g3 d5 2. d3 e5 3. Bg2 Nf6 4. Nf3 Nc6 5. O-O Be7 6. Nbd2 O-O 7. e4 dxe4 8.
dxe4 Re8 9. c3 a5 10. a4 h6 11. Re1 Be6 12. Qe2 Bf8 13. Nc4 Nd7 14. Be3 Qf6 15.
Red1 1/2-1/2

[Event "Borbeck- Dortmund"]
[Site "?"]
[Date "2023.09.03"]
[Round "1.5"]
[White "Zeldin, Vitaly"]
[Black "Poetter, Clemens"]
[Result "0-1"]
[WhiteElo "1985"]
[BlackElo "1986"]
[PlyCount "66"]
[SourceDate "2023.09.13"]

1. e4 c6 2. d4 d5 3. e5 c5 4. c3 Nc6 5. a3 cxd4 6. cxd4 Bf5 7. Nf3 e6 8. Be2
Nge7 9. O-O Rc8 10. b4 Ng6 11. Be3 Be7 12. Nbd2 O-O 13. Rc1 f6 14. exf6 Bxf6
15. Nb3 Qd6 16. Qd2 Nce7 17. h3 Be4 18. Nc5 Bxf3 19. Bxf3 b6 20. Nb3 Nf5 21.
Bg5 Rc4 22. Bxf6 Rxf6 23. Be2 Nf4 24. Bxc4 dxc4 25. Rxc4 Nxh3+ 26. Kh1 Nf4 27.
Rfc1 Rh6+ 28. Kg1 Ne2+ 29. Kf1 Nxc1 30. Nxc1 Rh1+ 31. Ke2 Qd5 32. Kd3 Nd6 33.
Rc2 Qf5+ 0-1